Les grammairiens lascifs : la grammaire à la fin de l'empire romain
Guardado en:
| Autor Principal: | |
|---|---|
| Formato: | Libro |
| Publicado: |
Paris :
Les Belles Lettres,
2008
|
| Materias: | |
| Etiquetas: |
Agregar Etiqueta
Sin Etiquetas, Sea el primero en etiquetar este registro!
|
| LEADER | 00614nam a22001935a 4500 | ||
|---|---|---|---|
| 001 | EHU.bham041213 | ||
| 003 | AR-BHAM | ||
| 005 | 20111018112110.0 | ||
| 008 | 130507s2008##################000#0#####d | ||
| 020 | |a 97822513880957 | ||
| 082 | 4 | 7 | |a 475 |
| 100 | 1 | |a Bajoni, Maria Grazia | |
| 245 | 1 | 0 | |a Les grammairiens lascifs : |b la grammaire à la fin de l'empire romain |
| 260 | |a Paris : |b Les Belles Lettres, |c 2008 | ||
| 300 | |a 154 p. | ||
| 653 | |a Gramática latina-estudios | ||
| 653 | |a Gramática-imperio romano | ||
| 653 | |a Educación-antigüedad clásica | ||
| 859 | |a AR-BHAM |b BIB. HUMANIDADES - General |h 475 |i B167 |p 490.11 |t Ej.1 | ||
